longest taylor swift song title on each album - Statistics

General Stats
  • This quiz has been taken 220 times
  • The average score is 6 of 14
Answer Stats
Hint Answer % Correct
Reputation This Is Why We Can't Have Nice Things
71%
Taylor Swift I'm Only Me When I'm With You
69%
folklore the last great american dynasty
61%
Red We Are Never Ever Getting Back Together
59%
Lover Miss Americana & The Heartbreak Prince
56%
1989 All You Had To Do Was Stay
44%
Lover It's Nice To Have A Friend
42%
Fearless The Other Side Of The Door
41%
Speak Now When Emma Falls In Love
38%
Midnights Bigger Than The Whole Sky
35%
evermore right where you left me
34%
Midnights You're On Your Own, Kid
34%
The Tortured Poets Department I Can Do It With A Broken Heart
30%
The Tortured Poets Department I Can Fix Him (No Really I Can)
19%
No matching quizzes found
Score Distribution
Percent of People with Each Score
Percentile by Number Answered
Your Score History
You have not taken this quiz